00513cam a22002172 4500001001100000005001700011008004100028020001700069040001500086100002800101245005300129250001300182260003800195300002000233650002700253852000300280852000300283852000300286852000300289852000300292000002152220151217152234.0120710s xx 000 0 eng d a0198257309 : aKABUcKABU1 aCheng, Bin.@000018243210aStudies in international space law /cBin Cheng. a1st ed. aOxford :bClarendon Press,c1997. alxviii, 798 p. 0aSpace law.@00001824331 1 1 1 1